Statistics for NBA: Top 15 Starts in a Season by Players in Their 40's

Click here to take the quiz!

General Stats

  • This quiz has been taken 24 times
  • The average score is 10 of 15

Answer Stats

#PlayerStartsAge% Correct
15Vince Carter1540
95%
T1John Stockton8240
91%
T1John Stockton8241
91%
7Michael Jordan6740
86%
3Kareem Abdul-Jabbar8041
82%
4Kareem Abdul-Jabbar7840
82%
T5Kareem Abdul-Jabbar7442
82%
T5Robert Parish7440
77%
10Robert Parish3442
77%
9Karl Malone4240
73%
8Jason Kidd4840
64%
13Dirk Nowitzki2040
59%
11Dikembe Mutombo3340
36%
12Dikembe Mutombo2541
36%
14Kurt Thomas1740
9%

Score Distribution

Percentile by Number Answered

Percent of People with Each Score

Your Score History

You have not taken this quiz